00876nam a2200241Ia 4500003000400000005001700004008004100021020001800062040001800080041000800098082002200106100002500128245007000153250001100223260004600234300002700280650004300307650003300350650003200383942003100415999001900446952016900465OSt20250205122126.0210716s2015 xx 000 0 und d a9788126552825 cAIMIT LIBRARY aeng a006.671 24bBURB aBurd, Barry.9197808 aBeginning programming with java : bfor dummies /cBy Barry Burd. a4th ed aNew Delhi :bWiley India Pvt Ltd ,c2015. axiv,453p. ;bPBc24 cm aWriting your own java programs9197809 aControlling the flow9197810 aUsing program units9197811 2ddccBKe1stk006.671 BURB c194511d194511 00102ddc40708MCAaAIMITbAIMITeKnowledge Worldg499.00iBill no:445; Bill dt:2015-03-20l0o006.671 BURBpMCA14019r2026-05-23 00:00:00v374.25w2021-07-16yBK